000 01245nam0a22003131 4500
001 RU\INFOCOMM_322\NLR\5000164913
005 20250613110330.0
035 _a(NLR Aleph) 009557386
090 _a9046595
_c9046595
100 _a20130209d1980 |||y0rusy50 ca
101 0 _aeng
102 _aRU
105 _ay z |||||
200 1 _aInternationalism of socialist countries' unions
_fAlexander Loshchakov, Igor Tchernigovtsev
210 _aM.
_cProfizdat
_d1980
215 _a62 с.
_d16 см
300 _aВ вып. дан.: Интернационализм профсоюзов социалистических стран / Александр Лощаков, Игорь Черниговцев
606 0 _aПрофессиональные союзы
_xСоциалистические страны
_91230027
_3RU\NLR\AUTH\66183504
620 _aМосква
686 _aФ72(0,6)70
_2rubbk
700 1 _9z03790
_aLoščakov
_bA. I.
_gAleksandr Ivanovič
701 1 _9z04790
_aČernigovcev
_bI.
_gIgor'
790 1 _9z03700
_aLoshchakov
_bA.
_gAlexander
_4070
790 1 _9z04701
_aTchernigovtsev
_bI.
_gIgor
_4070
801 1 _aRU
_bInfocomm
_c20130209
801 0 _aRU
_bINFOCOMM
_gPSBO
852 _aNLR
_jИ25 Д-2/281
942 _cBOOK
980 _aNB